000 00441pab a2200157 454500
008 180718b1997 xxu||||| |||| 00| 0 eng d
100 _aSonowal, Chandra Jyoti
245 _aForest villages in Assam: continued ghettoisation
260 _c1997
300 _ap.2441-443
362 _a27 Sep-3 Oct
650 _aForest management - India - Assam
650 _aForest management
773 _aEconomic and Political Weekly
909 _a35483
999 _c35483
_d35483